000 00868nam a22002177a 4500
003 0
005 20250829154042.0
008 250829b xxu||||| |||| 00| 0 eng d
020 _a978-1-032-71678-7
050 _aGV 706.5
_b.C63 2025
245 _aCoaching values and life skills through physical education and sports :
_ba practical toolkit /
_cedited by Koon Teck Koh, Tarkington J Newman and Muhammad Shufi Bin Salleh.
260 _aNew York, NY :
_bRoutledge,
_c2025.
300 _axvii, 310 pages :
_billustrations ;
_c23 cm.
504 _aIncludes bibliographical references and index.
650 _aPhysical education and training
_xMoral and ethical aspects.
650 _aCoaching (Athletics).
650 _aSports
_xMoral and ethical aspects.
650 _aLife skills
_xStudy and teaching.
650 _aCharacter
_xStudy and teaching.
942 _2lcc
_cBK
999 _c367695
_d367695